| 000 | 02099cam a2200661 a 4500 | ||
|---|---|---|---|
| 001 | 21495 | ||
| 003 | VRT | ||
| 005 | 20260302143837.0 | ||
| 008 | 200316s2017 xo o g 000 0dslo | ||
| 015 | _aSNBA2018/05 | ||
| 020 |
_a9788081148521 _q(viaz.) |
||
| 035 | _aurn:nbn:sk:snk-am00dhld | ||
| 035 | _aurn:nbn:sk:snk-am3i2j3 | ||
| 035 | _a6B5D8164-2AC1-4CBD-AAAC-3F201DC519B6 | ||
| 039 | 9 |
_a202311101355 _bAUTHORITY _c202310241422 _dAUTHORITY _c202003161017 _dVLOAD _c201805301506 _dVLOAD |
|
| 040 |
_aPPPK _bslo _cPPPK _dSVKBB _dSNK _eAACR2 |
||
| 041 | 0 | _aslo | |
| 044 |
_axo _cSK |
||
| 072 | 7 |
_a343.8 _xVäzenstvo _2konspekt |
|
| 080 |
_a323.12"1939/1945" _22011 |
||
| 080 |
_a343.819.5 _22011 |
||
| 080 |
_a343.8-051 _22011 |
||
| 080 |
_a(0:82-94) _22011 |
||
| 080 |
_a(047.53) _22011 |
||
| 100 | 1 |
_aHavranová, Ivana, _d1952- _4aut _4ivr |
|
| 245 | 1 | 0 |
_aOdvlečení _cIvana Havranová |
| 250 | _a1. vyd. | ||
| 260 |
_aBratislava _bMarenčin PT _c2017 |
||
| 300 |
_a140 s. _bfotogr. _c19 cm |
||
| 650 | 0 | 7 |
_aholokaust (1939-1945) _2SNKPH |
| 650 | 0 | 7 |
_akoncentračné tábory _2SNKPH |
| 650 | 0 | 7 |
_aväzni _2SNKPH |
| 650 | 0 | 7 |
_aHolocaust (1939-1945) _2SNKPHeng |
| 650 | 0 | 7 |
_aConcentration camps _2SNKPHeng |
| 650 | 0 | 7 |
_aPrisoners _2SNKPHeng |
| 655 | 7 |
_aspomienky _2SNKPH |
|
| 655 | 7 |
_arozhovory _2SNKPH |
|
| 655 | 7 |
_aReminiscences _2SNKPHeng |
|
| 655 | 7 |
_aInterviews _2SNKPHeng |
|
| 910 | _apppk | ||
| 910 | _apokpoh | ||
| 910 | _asllk | ||
| 910 | _askpk | ||
| 910 | _ahevk | ||
| 910 | _abjkdg | ||
| 910 | _avthk | ||
| 910 | _atotk | ||
| 910 | _asnk | ||
| 942 |
_2ddc _cOLDO _n0 |
||
| 949 |
_6270001000587341 _asvkbbA 152383-a _bsvkbbm 775016 |
||
| 949 |
_60133102604 _asnmk _bsnmk2018/102604 |
||
| 949 |
_62889336964 _asavukPV 25993 _bsavuk2018/1502 |
||
| 949 |
_617A1323468 _asnkSD 87140 _bsnk2018/7866 _o795/18 _s6100:20180521 |
||
| 949 |
_617A1323469 _asnkSD 87140 D1 _bsnk2018/7867 _o795/18 |
||
| 949 |
_6270001000562120 _asvkbbA 152383 _bsvkbbm 769875 |
||
| 949 |
_6273K0627526 _asvkpoA 237622 _bsvkpo622801 |
||
| 999 |
_c21495 _d21495 |
||